[Event "SportAccord Basque w 2014"]
[Site "Beijing CHN"]
[Date "2014.12.16"]
[Round "2.9"]
[White "Koneru, Humpy"]
[Black "Cramling, Pia"]
[Result "1/2-1/2"]
[WhiteTitle "GM"]
[BlackTitle "GM"]
[WhiteElo "2581"]
[BlackElo "2518"]
[WhiteFideId "5008123"]
[BlackFideId "1700030"]
[EventDate "2014.12.16"]

1. d4 Nf6 2. Nf3 e6 3. e3 c5 4. Bd3 d5 5. b3 Nbd7 6. Bb2 Qc7 7. Nbd2 Bd6 8. c4
dxc4 9. Nxc4 Be7 10. O-O O-O 11. Rc1 b6 12. dxc5 bxc5 13. Nfe5 Bb7 14. Nxd7 Nxd7
15. Qc2 h6 16. Bh7+ Kh8 17. Be4 Rac8 18. Rfd1 Bxe4 19. Qxe4 Nf6 20. Qf3 Nd5 21.
Rd2 Kg8 22. Rcd1 Rfd8 23. Be5 Qc6 24. e4 Nf6 25. Bxf6 gxf6 26. Qg4+ Kh7 27. Qh5
Qe8 28. e5 Rxd2 29. Rxd2 f5 30. Rd3 Rc7 31. Kf1 Bf8 32. g4 Rd7 33. Rxd7 Qxd7 34.
gxf5 Qd3+ 35. Kg2 Qxf5 36. Qxf5+ exf5 37. Nd6 Kg6 38. Nb5 a6 39. Nc7 a5 40. Nd5
f4 41. Nxf4+ Kf5 42. Kf3 Kxe5 43. Ke3 c4 44. Ne2 Bc5+ 45. Kf3 cxb3 46. axb3 Bb6
47. h3 Bc5 48. Ng3 Bf8 49. Ke3 Bc5+ 50. Kf3 Bf8 51. Ke3 Bc5+ 52. Kf3 Bf8 1/2-1/2

[Event "SportAccord Basque w 2014"]
[Site "Beijing CHN"]
[Date "2014.12.16"]
[Round "2.10"]
[White "Cramling, Pia"]
[Black "Koneru, Humpy"]
[Result "0-1"]
[WhiteTitle "GM"]
[BlackTitle "GM"]
[WhiteElo "2518"]
[BlackElo "2581"]
[WhiteFideId "1700030"]
[BlackFideId "5008123"]
[EventDate "2014.12.16"]

1. Nf3 Nf6 2. c4 e6 3. g3 d5 4. Bg2 Be7 5. O-O O-O 6. b3 b6 7. Bb2 Bb7 8. e3
Nbd7 9. d4 c5 10. Nbd2 Rc8 11. Rc1 Rc7 12. Qe2 Qa8 13. Rfe1 dxc4 14. bxc4 Ne4
15. Bf1 Nxd2 16. Nxd2 Rfc8 17. h4 Nf6 18. dxc5 Rxc5 19. Nb3 R5c7 20. Nd4 Rd7 21.
Bh3 Rcd8 22. Red1 h6 23. Qf1 Ne4 24. Bg2 Bf6 25. Ba1 e5 26. Nb3 Nxg3 27. Rxd7
Nxf1 28. Rxb7 Nd2 29. c5 Nxb3 30. axb3 bxc5 31. Bb2 Qc8 32. Rxa7 Bxh4 33. Bxe5
Qf5 34. Bg3 Bxg3 35. fxg3 Qg5 36. Kh2 Rd2 37. Rf1 Qh5+ 0-1

[Event "SportAccord Basque w 2014"]
[Site "Beijing CHN"]
[Date "2014.12.16"]
[Round "2.11"]
[White "Harika, Dronavalli"]
[Black "Muzychuk, Anna"]
[Result "1/2-1/2"]
[WhiteTitle "GM"]
[BlackTitle "GM"]
[WhiteElo "2505"]
[BlackElo "2545"]
[WhiteFideId "5015197"]
[BlackFideId "14111330"]
[EventDate "2014.12.16"]

1. d4 Nf6 2. Bg5 c5 3. Bxf6 exf6 4. d5 d6 5. Nd2 f5 6. g3 g6 7. Bg2 Bg7 8. c3
O-O 9. e3 Nd7 10. Ne2 Nf6 11. O-O Re8 12. Qc2 Bd7 13. a4 b6 14. Rfe1 h5 15. h4
Ng4 16. Nf4 Rc8 17. Nf3 Bf6 18. Nh2 Kg7 19. Nxg4 hxg4 20. e4 Be5 21. Nd3 Qf6 22.
Qd2 c4 23. Nxe5 dxe5 24. exf5 gxf5 25. a5 b5 26. Re2 f4 27. Be4 Rcd8 28. Rf1 f3
29. Re3 Qd6 30. Rd1 f5 31. Bc2 Bc8 32. Ree1 Qf6 33. d6 Re6 34. Qe3 a6 35. Rd5
Rdxd6 36. Red1 Rxd5 37. Rxd5 e4 38. Qf4 Re7 39. Rd6 Be6 40. Rxa6 Rd7 41. Rd6
Rxd6 42. Qxd6 f4 43. Bxe4 fxg3 44. fxg3 b4 45. Qd4 Qxd4+ 46. cxd4 Bc8 47. Kf2
Kf6 48. Ke3 c3 49. bxc3 b3 50. h5 Bf5 51. Bd5 b2 52. Ba2 Be6 53. Bb1 Bf5 54. Ba2
Be6 55. Bb1 Bf5 1/2-1/2

[Event "SportAccord Basque w 2014"]
[Site "Beijing CHN"]
[Date "2014.12.16"]
[Round "2.12"]
[White "Muzychuk, Anna"]
[Black "Harika, Dronavalli"]
[Result "1/2-1/2"]
[WhiteTitle "GM"]
[BlackTitle "GM"]
[WhiteElo "2545"]
[BlackElo "2505"]
[WhiteFideId "14111330"]
[BlackFideId "5015197"]
[EventDate "2014.12.16"]

1. e4 e6 2. d4 d5 3. exd5 exd5 4. Nf3 Nc6 5. h3 Bf5 6. Bd3 Qd7 7. O-O Bd6 8. Nc3
Nge7 9. Nb5 O-O 10. Nxd6 Bxd3 11. Qxd3 Qxd6 12. Bd2 Qg6 13. Qb3 b6 14. Rfe1 Nf5
15. c3 Qd6 16. Re2 Rfe8 17. Rae1 Rxe2 18. Rxe2 f6 19. Bf4 Qd7 20. Bxc7 Na5 21.
Qc2 Nxd4 22. Nxd4 Qxc7 23. Qf5 Qf7 24. Re6 Rd8 25. b4 Nc4 26. Nc6 Rd7 27. Re1 g6
28. Qf4 Kg7 29. Qb8 a6 30. Nd8 Qg8 31. Ne6+ Kf7 32. Qf4 Qc8 33. Nd4 Re7 34.
Rxe7+ Kxe7 35. Qh4 h5 36. Qg3 Ne5 37. f4 Nc6 38. Nc2 Qf5 39. Ne3 Qb1+ 40. Kh2
Qe4 41. f5 Ne5 42. fxg6 h4 43. Qf2 Nxg6 44. Nf5+ Kf8 45. Nd4 Qe5+ 46. Kg1 Kg8
47. Nf3 Qxc3 48. Qxb6 Qc1+ 49. Kh2 Qf4+ 50. Kg1 Qc1+ 51. Kh2 Qf4+ 52. Kg1 Qc1+
53. Kh2 Qf4+ 1/2-1/2

[Event "SportAccord Basque w 2014"]
[Site "Beijing CHN"]
[Date "2014.12.16"]
[Round "2.13"]
[White "Ju, Wenjun"]
[Black "Muzychuk, Mariya"]
[Result "0-1"]
[WhiteTitle "GM"]
[BlackTitle "IM"]
[WhiteElo "2568"]
[BlackElo "2529"]
[WhiteFideId "8603006"]
[BlackFideId "14114550"]
[EventDate "2014.12.16"]

1. d4 Nf6 2. Nc3 d5 3. Bg5 Bf5 4. e3 e6 5. Bd3 Bxd3 6. cxd3 h6 7. Bh4 c5 8. Bxf6
Qxf6 9. Qb3 Nd7 10. Nf3 O-O-O 11. O-O Kb8 12. a4 g5 13. a5 cxd4 14. Nxd4 Nc5 15.
Qb5 e5 16. Nc2 a6 17. Qb4 Nxd3 18. Qb3 Nc5 19. Qa2 d4 20. exd4 exd4 21. Nd5 Qe6
22. Ncb4 Ne4 23. Rfe1 Bxb4 24. Nxb4 Qxa2 25. Nxa2 Rhe8 26. Rad1 Nc5 27. Rxe8
Rxe8 28. Nc1 Na4 29. Kf1 Nxb2 30. Rxd4 Re5 31. Rd8+ Ka7 32. Rd7 Rxa5 33. Nb3 Rf5
34. Ke2 a5 35. g4 Re5+ 36. Kd2 a4 37. Nd4 Rc5 38. Rxf7 a3 39. Rf5 a2 40. Nb3 Na4
41. Na1 Kb6 42. Rf6+ Rc6 43. Rf3 Nc5 44. Ra3 Ne4+ 45. Kd3 Nxf2+ 46. Kd4 Rd6+ 47.
Ke3 Nxg4+ 48. Ke2 Rf6 49. h3 Rf2+ 50. Ke1 Rb2 51. Rb3+ Rxb3 52. Nxb3 Ne5 53. Kd2
Nf3+ 54. Kc2 Nd4+ 0-1

[Event "SportAccord Basque w 2014"]
[Site "Beijing CHN"]
[Date "2014.12.16"]
[Round "2.14"]
[White "Muzychuk, Mariya"]
[Black "Ju, Wenjun"]
[Result "0-1"]
[WhiteTitle "IM"]
[BlackTitle "GM"]
[WhiteElo "2529"]
[BlackElo "2568"]
[WhiteFideId "14114550"]
[BlackFideId "8603006"]
[EventDate "2014.12.16"]

1. e4 c5 2. Nf3 a6 3. c3 d5 4. exd5 Qxd5 5. d4 Nf6 6. Be2 e6 7. O-O Nc6 8. Be3
cxd4 9. cxd4 Be7 10. Nc3 Qd6 11. Qd2 O-O 12. Bf4 Qd8 13. a3 b5 14. Rac1 Bb7 15.
Rfd1 Rc8 16. Bd3 Na5 17. Qe2 Nb3 18. Rb1 g6 19. Be5 Qd7 20. Bc2 Na5 21. Nd2 Nd5
22. Nde4 Nxc3 23. Nxc3 Nc4 24. Ne4 f6 25. Bg3 Qc6 26. f3 Nxa3 27. Nxf6+ Bxf6 28.
Be4 Qc4 29. Qxc4 Rxc4 30. bxa3 Bxe4 31. fxe4 Bxd4+ 32. Kh1 e5 33. h3 Rc3 34. Bh4
Rf4 35. Bg5 Rf2 36. Rf1 Rxf1+ 37. Rxf1 Rxa3 38. Rf6 Be3 39. Bxe3 Rxe3 40. Rxa6
Rxe4 41. Rb6 b4 42. Rb7 h5 43. Kg1 Rc4 44. Kf2 Rc2+ 45. Kf3 Rb2 46. h4 b3 47.
Ke4 Rb1 48. Ke3 b2 49. Kf2 e4 50. Rb3 e3+ 51. Ke2 Rg1 52. Rb8+ Kg7 53. Rb7+ Kh6 0-1

[Event "SportAccord Basque w 2014"]
[Site "Beijing CHN"]
[Date "2014.12.16"]
[Round "2.15"]
[White "Khotenashvili, Bela"]
[Black "Paehtz, Elisabeth"]
[Result "0-1"]
[WhiteTitle "GM"]
[BlackTitle "IM"]
[WhiteElo "2504"]
[BlackElo "2485"]
[WhiteFideId "13602640"]
[BlackFideId "4641833"]
[EventDate "2014.12.16"]

1. d4 e6 2. c4 Bb4+ 3. Nd2 Nf6 4. a3 Be7 5. e4 d6 6. Ngf3 Nbd7 7. Bd3 e5 8. O-O
O-O 9. h3 Re8 10. Re1 Bf8 11. Nf1 exd4 12. Nxd4 Nc5 13. Ng3 a5 14. Bc2 a4 15.
Bg5 h6 16. Bd2 g6 17. Bc3 Bg7 18. f4 Nfd7 19. Nb5 Bxc3 20. Nxc3 Nb6 21. Qd4 Ne6
22. Qf2 Qf6 23. f5 Nc5 24. fxg6 Qxf2+ 25. Kxf2 fxg6 26. Nd5 Rf8+ 27. Kg1 Nxc4
28. Nxc7 Rb8 29. Rab1 Bd7 30. Nd5 Kg7 31. h4 h5 32. Ne3 Ne5 33. Rbd1 Rf6 34. Nd5
Rf7 35. Nb6 Bc6 36. Rxd6 Rf4 37. Ne2 Rxh4 38. Nd4 Rg4 39. Rf1 Bxe4 40. Bxe4 Nxe4
41. Re6 Nd3 42. Re7+ Kh6 43. Rff7 Rh8 44. Nf3 Ng5 45. Nxg5 Kxg5 46. Nd5 Nxb2 47.
Ne3 Rd4 48. Rxb7 Nd3 49. Rb5+ Kh6 50. Rb6 Kg5 51. Rb5+ Kh6 52. Rf6 Re4 53. Nf1
Rhe8 54. Ng3 R4e5 55. Rbb6 Rg8 56. Nf5+ Kg5 57. Nd4 Re1+ 58. Kh2 Ne5 59. Nf3+
Nxf3+ 60. Rxf3 Re4 61. Rb5+ Kh6 62. Ra5 Rd8 63. Rg3 Rd1 64. Rf3 Rh4+ 65. Kg3
Rg4+ 66. Kf2 Rd2+ 67. Kf1 Rgxg2 68. Rxa4 Ra2 69. Ra6 Rgb2 70. Kg1 Rb1+ 71. Rf1
Rxf1+ 72. Kxf1 h4 73. a4 Kh5 74. Ra8 Kg4 75. a5 g5 76. a6 Kg3 77. a7 g4 78. Rb8
Rxa7 79. Rb3+ Kf4 80. Rb4+ Kf5 81. Rb5+ Kg6 82. Rb6+ Kg5 83. Rb5+ Kf4 84. Rb4+
Kg3 85. Rb3+ Kh2 86. Rb2+ Kh3 87. Kg1 Ra1+ 88. Kf2 g3+ 89. Kf3 Rf1+ 0-1

[Event "SportAccord Basque w 2014"]
[Site "Beijing CHN"]
[Date "2014.12.16"]
[Round "2.16"]
[White "Paehtz, Elisabeth"]
[Black "Khotenashvili, Bela"]
[Result "0-1"]
[WhiteTitle "IM"]
[BlackTitle "GM"]
[WhiteElo "2485"]
[BlackElo "2504"]
[WhiteFideId "4641833"]
[BlackFideId "13602640"]
[EventDate "2014.12.16"]

1. Nf3 Nf6 2. c4 g6 3. Nc3 d5 4. cxd5 Nxd5 5. Qb3 Nb6 6. e4 Bg7 7. d4 O-O 8. Be3
Bg4 9. O-O-O a5 10. Qc2 a4 11. Kb1 a3 12. b3 Nc6 13. Ne2 f5 14. Ne5 Bxe2 15.
Bxe2 fxe4 16. Qxe4 Nb4 17. Bg4 Qd6 18. Nc4 Nxc4 19. bxc4 Kh8 20. Qe6 Nc6 21. c5
Qd8 22. d5 Ne5 23. Be2 Rf6 24. Qh3 Ra4 25. Bh6 Bxh6 26. Qxh6 b6 27. Qe3 Nf7 28.
c6 Qd6 29. Qc3 Qb4+ 30. Qxb4 Rxb4+ 31. Kc1 Rxf2 32. Rd2 Nd6 33. Bd3 Rxd2 34.
Kxd2 Rb2+ 35. Kc3 Rxa2 36. Re1 Rxg2 37. Bc2 a2 38. Kb2 Rxh2 39. Rxe7 Rxc2+ 40.
Ka1 Nb5 41. d6 cxd6 42. c7 Rc1+ 43. Kxa2 Rxc7 44. Re8+ Kg7 45. Rb8 Nc3+ 46. Kb3
b5 0-1

[Event "SportAccord Basque w 2014"]
[Site "Beijing CHN"]
[Date "2014.12.16"]
[Round "3.1"]
[White "Zhao, Xue"]
[Black "Dzagnidze, Nana"]
[Result "1-0"]
[WhiteTitle "GM"]
[BlackTitle "GM"]
[WhiteElo "2514"]
[BlackElo "2570"]
[WhiteFideId "8601283"]
[BlackFideId "13601903"]
[EventDate "2014.12.16"]

1. Nf3 Nf6 2. c4 c5 3. Nc3 Nc6 4. g3 g6 5. Bg2 d6 6. O-O Bg7 7. a3 O-O 8. Rb1
Bf5 9. d3 Qd7 10. b4 Bh3 11. Bd2 b6 12. Qc1 Bxg2 13. Kxg2 Rfc8 14. Bh6 Bh8 15.
e4 Ng4 16. Bg5 Rf8 17. h3 Nge5 18. Nxe5 Bxe5 19. f4 Bxc3 20. Qxc3 f5 21. Rbe1
Rf7 22. Re3 Nd4 23. Bh6 Qc6 24. Kh2 e5 25. Qc1 Re8 26. fxe5 Rxe5 27. Bf4 Re8 28.
exf5 Nxf5 29. Rxe8+ Qxe8 30. Re1 Re7 31. Rxe7 Qxe7 32. Qf1 Qf6 33. Qg2 Qc3 34.
Qd5+ Kg7 35. g4 Nd4 36. Qb7+ Kg8 37. Qb8+ Kf7 38. Qc7+ Kg8 39. Qd8+ Kf7 40. Qd7+
Kg8 41. Qe8+ Kg7 42. Qe7+ Kg8 43. Qd8+ Kf7 44. Qd7+ Kg8 45. Qc8+ Kf7 46. Qb7+
Kg8 47. Qd5+ Kg7 48. Bxd6 Qd2+ 49. Qg2 Qe3 50. Qf1 Nf3+ 51. Kg2 Ne1+ 52. Kh1 Nf3
53. bxc5 bxc5 54. Bxc5 Qf4 55. Bd6 Qe3 56. c5 Kf7 57. Kg2 1-0

[Event "SportAccord Basque w 2014"]
[Site "Beijing CHN"]
[Date "2014.12.16"]
[Round "3.2"]
[White "Dzagnidze, Nana"]
[Black "Zhao, Xue"]
[Result "0-1"]
[WhiteTitle "GM"]
[BlackTitle "GM"]
[WhiteElo "2570"]
[BlackElo "2514"]
[WhiteFideId "13601903"]
[BlackFideId "8601283"]
[EventDate "2014.12.16"]

1. d4 Nf6 2. c4 e6 3. Nf3 Bb4+ 4. Bd2 a5 5. Qc2 d6 6. e4 e5 7. dxe5 dxe5 8. Nc3
O-O 9. a3 Bc5 10. Nxe5 Bxf2+ 11. Kxf2 Qd4+ 12. Be3 Qxe5 13. Be2 Nc6 14. Rad1 Bg4
15. Bf3 Rae8 16. Qb3 Qh5 17. Bf4 Ne5 18. Nd5 Re6 19. Rhe1 c6 20. Bxe5 Qxe5 21.
Nxf6+ Rxf6 22. Kg1 a4 23. Qxb7 Rxf3 24. gxf3 Bxf3 25. Rd3 Qg5+ 26. Kf2 Qg2+ 27.
Ke3 Bxe4 28. Rc3 Bg6 29. Qe7 Qxb2 30. Rcc1 Rb8 31. Kf3 h6 32. Qe5 Rb3+ 33. Kg4
Qg2+ 0-1

[Event "SportAccord Basque w 2014"]
[Site "Beijing CHN"]
[Date "2014.12.16"]
[Round "3.3"]
[White "Hou, Yifan"]
[Black "Kosintseva, Tatiana"]
[Result "1-0"]
[WhiteTitle "GM"]
[BlackTitle "GM"]
[WhiteElo "2673"]
[BlackElo "2483"]
[WhiteFideId "8602980"]
[BlackFideId "4133471"]
[EventDate "2014.12.16"]

1. e4 e5 2. Nf3 Nc6 3. Bc4 Nf6 4. d3 Be7 5. O-O O-O 6. Bb3 d6 7. c3 Na5 8. Bc2
c5 9. Re1 Nc6 10. h3 h6 11. Nbd2 Re8 12. Nf1 Bf8 13. Ng3 b5 14. d4 cxd4 15. cxd4
Nxd4 16. Nxd4 exd4 17. Qxd4 Be6 18. Be3 Rc8 19. Qd2 Nd7 20. Rac1 a6 21. b3 Qf6
22. f4 Nc5 23. Bd4 Qh4 24. Kh2 Bd7 25. Bf2 Qd8 26. Bb1 a5 27. Rcd1 a4 28. b4 Na6
29. a3 Be6 30. Nf5 Bb3 31. Rc1 Rxc1 32. Rxc1 g6 33. Nd4 Bc4 34. Bd3 d5 35. e5
Nc7 36. Re1 Qd7 37. f5 Bg7 38. Bg3 Bxd3 39. Qxd3 gxf5 40. Nxf5 Ne6 41. Nd6 d4
42. Nxe8 Qxe8 43. Rc1 Qd7 44. Qe4 Qd8 45. Qb7 Qg5 46. Rf1 Qg6 47. Qxb5 Ng5 48.
Qd5 Qd3 49. Rf4 Ne6 50. Qa8+ Bf8 51. Rg4+ Kh8 52. Bh4 Qf5 53. Bf6+ Kh7 54. Qb7
Qh5 55. Qe4+ 1-0

[Event "SportAccord Basque w 2014"]
[Site "Beijing CHN"]
[Date "2014.12.16"]
[Round "3.4"]
[White "Kosintseva, Tatiana"]
[Black "Hou, Yifan"]
[Result "1-0"]
[WhiteTitle "GM"]
[BlackTitle "GM"]
[WhiteElo "2483"]
[BlackElo "2673"]
[WhiteFideId "4133471"]
[BlackFideId "8602980"]
[EventDate "2014.12.16"]

1. e4 c5 2. Nf3 e6 3. d4 cxd4 4. Nxd4 Nf6 5. Nc3 d6 6. Be3 a6 7. g4 h6 8. Bg2
Nc6 9. h3 Bd7 10. Qe2 Rc8 11. f4 Qa5 12. Qf2 Nxd4 13. Bxd4 e5 14. Bb6 Qb4 15.
O-O-O Rxc3 16. bxc3 Qa3+ 17. Kd2 Be7 18. f5 O-O 19. Rb1 Rc8 20. Rb3 Qxa2 21.
Rhb1 Qa4 22. Qe2 Bb5 23. Rxb5 axb5 24. Rb4 Qa1 25. Rb3 Nd7 26. Qxb5 Bg5+ 27. Ke2
Nxb6 28. Qxb6 Qc1 29. c4 Qxc2+ 30. Kf1 Qxc4+ 31. Kg1 Qc1+ 32. Bf1 Rc2 33. Rf3
Qd2 1-0

[Event "SportAccord Basque w 2014"]
[Site "Beijing CHN"]
[Date "2014.12.16"]
[Round "3.5"]
[White "Koneru, Humpy"]
[Black "Gunina, Valentina"]
[Result "1-0"]
[WhiteTitle "GM"]
[BlackTitle "GM"]
[WhiteElo "2581"]
[BlackElo "2522"]
[WhiteFideId "5008123"]
[BlackFideId "4167570"]
[EventDate "2014.12.16"]

1. d4 Nf6 2. c4 e6 3. Nf3 Bb4+ 4. Nbd2 O-O 5. a3 Be7 6. e3 c5 7. Bd3 b6 8. O-O
Bb7 9. b3 cxd4 10. exd4 d5 11. Bb2 Nbd7 12. Rc1 dxc4 13. bxc4 Re8 14. Qe2 Nf8
15. Ne5 Ng6 16. f4 Rc8 17. Bc2 Rc7 18. Ba4 Rf8 19. Bc2 Qa8 20. Bd3 Rd8 21. Rce1
Bf8 22. Bb1 Nh4 23. Rf2 a6 24. Ndf3 Nxf3+ 25. Nxf3 b5 26. c5 Bd5 27. Ne5 g6 28.
Bc3 Bg7 29. Ba5 Re7 30. Bxd8 Qxd8 31. Ba2 Rc7 32. Bxd5 Qxd5 33. Qe3 h5 34. Rb2
Qd8 35. Qf2 Nd5 36. g3 Rc8 37. Rb3 Qc7 38. Qf3 Rd8 39. Rd3 Ne7 40. Qe4 Nf5 41.
Rc1 Rd5 42. Nxg6 Bxd4+ 43. Kg2 Rxc5 44. Rxc5 Qxc5 45. Ne5 Kg7 46. Qc6 Qa7 47.
Qd7 Qa8+ 48. Qc6 Qa7 49. Nf3 Bf6 50. Ne5 Bxe5 51. fxe5 Ne3+ 52. Kh3 Ng4 53. Rf3
Nxe5 54. Qc3 f6 55. Rf1 Ng4 56. Qf3 Qc7 57. Re1 Qc2 58. Qe2 Qxe2 59. Rxe2 Ne5
60. Kg2 Nc4 61. Rxe6 a5 62. a4 bxa4 63. Rc6 Ne3+ 64. Kf3 Ng4 65. Rc7+ Kg6 66. h3
Ne5+ 67. Ke4 Nf7 68. Kd5 Nh6 69. Ke4 Nf5 70. Kf4 Nd4 71. Rc4 Ne6+ 72. Ke3 a3 73.
Ra4 Ng5 74. h4 Nf7 75. Rxa5 Nd6 76. Kf4 Nc4 77. Ra4 Ne5 78. Rxa3 Ng4 79. Ra5 Nh6
80. Ke4 Ng4 81. Kd5 Ne5 82. Ke6 Nc6 83. Rd5 Nb4 84. Rd6 Nc2 85. Ke7 Kf5 86.
Rxf6+ Kg4 87. Rg6+ Kh3 88. Kf6 Nd4 89. Kg5 Kxg3 90. Kxh5+ Kh3 91. Rf6 Ne2 92.
Kg5 1-0

[Event "SportAccord Basque w 2014"]
[Site "Beijing CHN"]
[Date "2014.12.16"]
[Round "3.6"]
[White "Gunina, Valentina"]
[Black "Koneru, Humpy"]
[Result "0-1"]
[WhiteTitle "GM"]
[BlackTitle "GM"]
[WhiteElo "2522"]
[BlackElo "2581"]
[WhiteFideId "4167570"]
[BlackFideId "5008123"]
[EventDate "2014.12.16"]

1. d4 Nf6 2. c4 e6 3. Nf3 b6 4. g3 Bb4+ 5. Bd2 Bxd2+ 6. Qxd2 Ba6 7. b3 O-O 8.
Bg2 d5 9. Ne5 c6 10. O-O Nfd7 11. cxd5 cxd5 12. Nc3 Nxe5 13. dxe5 Nc6 14. f4 Rc8
15. Rfc1 Qe7 16. e3 Nb4 17. a3 Nd3 18. Rc2 Nc5 19. Rb2 Rfd8 20. Qd4 Qc7 21. Nd1
Ne4 22. Nf2 Qc3 23. Bxe4 dxe4 24. Qxc3 Rxc3 25. Nxe4 Rxe3 26. Nd6 f6 27. Kf2 Rd3
28. Re1 fxe5 29. fxe5 Rf8+ 30. Kg2 Rdf3 31. Ne4 Bb7 32. Kh3 Bd5 33. Nd6 h6 34.
Rd2 Bxb3 35. Nb5 R3f5 36. Nd4 Rh5+ 37. Kg2 Bd5+ 38. Kg1 Rg5 39. Nb5 Rff5 40.
Nxa7 Rxe5 41. Rxe5 Rxe5 42. Rb2 Re3 43. a4 Re4 44. Nc8 Rxa4 45. Nxb6 Ra1+ 46.
Kf2 Rh1 47. Ke3 Re1+ 48. Kd4 Kf7 49. Rc2 Be4 50. Rc7+ Kg6 51. Nd7 Bf5 52. Ne5+
Kh7 53. Rc5 Re4+ 54. Kc3 Re2 55. g4 Be4 56. h4 Bd5 57. Nd7 Re3+ 58. Kd2 Re4 59.
g5 hxg5 60. hxg5 Kg6 61. Nf8+ Kf5 62. Rc7 Kxg5 63. Rxg7+ Kf6 64. Rh7 Rd4+ 65.
Ke3 Re4+ 66. Kd3 Ra4 67. Nd7+ Kg6 68. Nf8+ Kg5 69. Rc7 Kf5 70. Rf7+ Ke5 71. Ng6+
Kd6 72. Kc3 Rc4+ 73. Kd2 Rg4 74. Nf4 Bc4 75. Nh5 e5 76. Rf8 Rg2+ 77. Kc3 Be6 78.
Nf6 Ke7 79. Nh7 Rh2 80. Rh8 Rh3+ 81. Kb4 Bf5 82. Ra8 Rxh7 83. Kc5 Kf6 84. Rf8+
Rf7 85. Rh8 Rd7 86. Rf8+ Kg5 87. Rh8 e4 0-1

[Event "SportAccord Basque w 2014"]
[Site "Beijing CHN"]
[Date "2014.12.16"]
[Round "3.9"]
[White "Cramling, Pia"]
[Black "Stefanova, Antoaneta"]
[Result "0-1"]
[WhiteTitle "GM"]
[BlackTitle "GM"]
[WhiteElo "2518"]
[BlackElo "2517"]
[WhiteFideId "1700030"]
[BlackFideId "2902257"]
[EventDate "2014.12.16"]

1. d4 d5 2. Nf3 Nf6 3. c4 c6 4. Nc3 a6 5. a4 g6 6. Bf4 Bg7 7. e3 O-O 8. h3 Qa5
9. Nd2 Nbd7 10. Be2 Re8 11. O-O e5 12. dxe5 Nxe5 13. Bxe5 Rxe5 14. cxd5 cxd5 15.
Nf3 Re8 16. Qb3 b6 17. Nd4 Bb7 18. Rac1 Rac8 19. Rfd1 Bf8 20. Qa2 Qb4 21. Nc2
Qh4 22. Qb3 Bc5 23. Nd4 Red8 24. Rc2 Rc7 25. Rcd2 Rcd7 26. Qa2 Bb4 27. Nf3 Qh6
28. Qb3 a5 29. Rd4 Bc5 30. Rh4 Qg7 31. Ne5 Rc7 32. Nb5 Re7 33. Ng4 Ne4 34. Bf3
h5 35. Bxe4 hxg4 36. Rxg4 Re5 37. Bf3 Bc8 38. Rg3 Be6 39. Nd4 Rd6 40. Nxe6 fxe6
41. Be2 Rf5 42. Bd3 Rf6 43. Qc2 e5 44. Qb3 Kf8 45. Bc2 Qf7 46. Qb5 Rxf2 0-1

[Event "SportAccord Basque w 2014"]
[Site "Beijing CHN"]
[Date "2014.12.16"]
[Round "3.10"]
[White "Stefanova, Antoaneta"]
[Black "Cramling, Pia"]
[Result "1-0"]
[WhiteTitle "GM"]
[BlackTitle "GM"]
[WhiteElo "2517"]
[BlackElo "2518"]
[WhiteFideId "2902257"]
[BlackFideId "1700030"]
[EventDate "2014.12.16"]

1. Nf3 d5 2. g3 c6 3. Bg2 Bg4 4. d3 Nd7 5. h3 Bh5 6. e4 dxe4 7. dxe4 e5 8. O-O
f6 9. Qe2 Bc5 10. a3 Ne7 11. b4 Bb6 12. Nbd2 Bc7 13. Rd1 Qb8 14. Nc4 Nb6 15. Ne3
a5 16. Bd2 O-O 17. bxa5 Nbc8 18. Nc4 Nd6 19. Bb4 Nec8 20. Nb6 Bxb6 21. axb6 Re8
22. g4 Bf7 23. a4 Nc4 24. a5 c5 25. Bxc5 Rxa5 26. Rxa5 Nxa5 27. Qb5 Nc6 28. Bf1
N8e7 29. Rd7 Qa8 30. Bc4 Qa1+ 31. Kg2 Qc3 32. Bxf7+ Kxf7 33. Qb3+ Qxb3 34. cxb3
Ke6 35. Rxb7 Ng6 36. Rxg7 Nce7 37. Rxh7 Rd8 38. h4 Rd1 39. b7 Nf4+ 40. Kg3 Nc6
41. b8=Q Nxb8 42. Re7# 1-0

[Event "SportAccord Basque w 2014"]
[Site "Beijing CHN"]
[Date "2014.12.16"]
[Round "3.11"]
[White "Muzychuk, Anna"]
[Black "Muzychuk, Mariya"]
[Result "1-0"]
[WhiteTitle "GM"]
[BlackTitle "IM"]
[WhiteElo "2545"]
[BlackElo "2529"]
[WhiteFideId "14111330"]
[BlackFideId "14114550"]
[EventDate "2014.12.16"]

1. e4 c5 2. Nf3 Nc6 3. Bb5 Nf6 4. Bxc6 dxc6 5. d3 Nd7 6. e5 Nb6 7. O-O Bf5 8.
Nbd2 e6 9. b3 Be7 10. Bb2 O-O 11. Re1 Nd5 12. Qe2 Qc7 13. Ne4 b6 14. a4 a5 15.
Nfd2 b5 16. f3 Rfd8 17. Qf2 Qb6 18. Nd6 Bg6 19. N2e4 Bxd6 20. Nxd6 Ne7 21. Ba3
b4 22. Bb2 Nf5 23. Nc4 Qa7 24. Rf1 Rd7 25. Rae1 Rad8 26. g4 Nd4 27. f4 h5 28.
Bxd4 Rxd4 29. h3 Kf8 30. Re3 hxg4 31. hxg4 Ke8 32. Rg3 Kd7 33. f5 exf5 34. gxf5
Bh5 35. e6+ Kc8 36. Rxg7 Qe7 37. Qg3 Qf6 38. Nb6+ Kb7 39. Nd7 Qh6 40. Nxc5+ Kb6
41. Nd7+ Kb7 42. Nc5+ Kb6 43. Ne4 Be2 44. Rxf7 Rg8 45. Qxg8 Qe3+ 46. Rf2 Qc1+
47. Kg2 Rxe4 48. dxe4 Bf1+ 49. Rxf1 1-0

[Event "SportAccord Basque w 2014"]
[Site "Beijing CHN"]
[Date "2014.12.16"]
[Round "3.12"]
[White "Muzychuk, Mariya"]
[Black "Muzychuk, Anna"]
[Result "0-1"]
[WhiteTitle "IM"]
[BlackTitle "GM"]
[WhiteElo "2529"]
[BlackElo "2545"]
[WhiteFideId "14114550"]
[BlackFideId "14111330"]
[EventDate "2014.12.16"]

1. e4 c5 2. Nf3 e6 3. d4 cxd4 4. Nxd4 Nf6 5. Nc3 Bb4 6. Bd3 d6 7. O-O O-O 8. Bg5
Nbd7 9. Kh1 h6 10. Bh4 Ne5 11. f4 Ng6 12. Bg3 e5 13. fxe5 dxe5 14. Nf5 Bxc3 15.
bxc3 Be6 16. Qf3 Nd7 17. Bf2 Rc8 18. c4 b6 19. Rad1 Qc7 20. Be3 Nc5 21. Qh5 Nf4
22. Bxf4 exf4 23. e5 Rcd8 24. Qg4 Bxf5 25. Qxf5 Nxd3 26. cxd3 Rfe8 27. Rxf4 Rxe5
28. Qg4 Rxd3 29. Rdf1 Re7 30. Rd4 Rxd4 31. Qxd4 Qe5 32. Qd8+ Kh7 33. Qd3+ g6 34.
h3 h5 35. Qd8 Kg7 36. Rd1 Rc7 37. Qb8 Re7 38. Qc8 Qc7 39. Qa8 Qxc4 40. Qf3 Re8
41. a3 Qe6 42. Qc3+ Qe5 43. Qc6 Re6 44. Qf3 Rd6 45. Rc1 Rf6 46. Qa8 Qe3 47. Qc8
Qxa3 48. Re1 a5 49. Rd1 a4 50. Rd8 Qa1+ 51. Kh2 Qe5+ 52. Kg1 Qe3+ 53. Kh2 Qe5+
54. Kg1 Qc5+ 55. Qxc5 bxc5 56. Ra8 Rf4 57. Ra5 Rc4 58. Kf2 Kf6 59. Ke3 Ke5 60.
Kd3 Kd5 61. Ra8 Rd4+ 62. Kc3 h4 63. Rf8 Rf4 64. Rd8+ Ke6 65. Ra8 g5 66. Ra6+ Kd5
67. Ra7 f6 68. Rd7+ Ke6 69. Ra7 Rf2 70. Rxa4 Rxg2 0-1